000 00765na a2200253 4500
001 23630
003 MIRAKIL
005 20181213155321.0
008 180108b tu 000 0
020 _a9756024003
040 _aMilas
_btur
_cTR-AnCHP
041 _atur
082 _a341.242
_bG94s 2005
090 _a341.242 G94s 2005
100 _aGülmez, Mesut
245 _aSendikal haklarda uluslararası hukuka ve Avrupa birliğine uyum sorunu
_cMesut Gülmez
260 _aAnkara
_bBelediye-İş Yayınları
_c2005
_fFabrika basım
300 _a342 s.
_c24 sm.
440 _aAB'ye sosyal uyum dizisi
504 _aKaynakça var.
650 _aSendikalar
_xAvrupa Birliği
_xuyum
650 _aSendikalar
_xUluslararası ilişkiler
942 _2dcc
_cBKS
999 _c10430
_d10430